000 00878nam a2200301 a 4500
001 75048
003 BD-RjUL
005 20211209082634.0
008 190114s1955 enka b 000 0 eng
035 _a(BD-RjUL)75266
035 _a(OCoLC)6478674
040 _aDLC
_cTxCM
_dUk
_dDLC
_beng
041 _aeng
042 _apremarc
082 _223
_a631.875
_bWYF 1955
100 1 _aWylie, John Capie,
_d1910-
_9226929
245 1 0 _aFertility from town wastes /
_cby J.C. Wylie; Foreword by Sir Cedric Stanton Hicks.
260 _aLondon:
_bFaber and Faber,
_c1955
300 _a224 p.
_billus.
_c23 cm.
504 _aIncludes bibliography.
650 0 _aCompost.
_9226930
650 0 _aRefuse and refuse disposal.
_9226931
700 _aHicks, Cedric Stanton.
_9226932
942 _2ddc
_cBK
999 _c75048
_d75048